Fuente Ovejuna

Uloženo v:
Podrobná bibliografie
Hlavní autor: Vega, Lope de (Autor)
Médium: Kniha
Jazyk:španělština
Vydáno: Madrid Cátedra 1984
Vydání:5a. ed
Edice:Letras Hispánicas, 137
Témata:
Tagy: Přidat tag
Žádné tagy, Buďte první, kdo vytvoří štítek k tomuto záznamu!

MARC

LEADER 00000nam a2200000 a 4500
001 UCR3308
003 CL-VaPUC
008 980124e19840000SP |||||||||||||||||spa|d
082 0 4 |a 862  |b VEG  |2 21 
100 0 |a Vega, Lope de  |e author  |9 319628 
245 1 0 |a Fuente Ovejuna 
250 |a 5a. ed 
300 |a 189 p 
942 |c BK 
945 |d 19980124 00:00:00  |a aolguin 
260 |a Madrid  |b Cátedra  |c 1984 
650 0 |a Dramas españoles  |9 267081 
650 0 |a Literatura española  |9 306261 
583 |a last modification  |c 19980124 00:00:00  |k Rodrigo Vera 
490 0 |a Letras Hispánicas, 137 
999 |c 266395  |d 266393 
952 |0 0  |1 0  |4 0  |6 862_000000000000000_VEG_1984  |7 0  |8 R  |9 297954  |a BIBEDU  |b BIBEDU  |d 2019-11-20  |i 1938681  |o 862 VEG 1984  |p 1938681  |r 2019-11-20  |w 2019-11-20  |y BK_R  |k LIT 
952 |0 0  |1 0  |4 0  |6 862_000000000000000_VEG_1984  |7 0  |8 R  |9 297955  |a BIBEDU  |b BIBEDU  |c MCIRC  |d 2019-11-20  |i 1938630  |l 5  |o 862 VEG 1984  |p 1938630  |r 2023-11-27  |s 2023-11-24  |w 2019-11-20  |y BK_R  |k LIT 
952 |0 0  |1 0  |4 0  |6 862_000000000000000_VEG_1984  |7 0  |8 R  |9 297956  |a BIBEDU  |b BIBEDU  |c MCIRC  |d 2019-11-20  |i 1938584  |l 2  |o 862 VEG 1984  |p 1938584  |r 2023-12-13  |s 2023-11-24  |w 2019-11-20  |y BK_R  |k LIT